| 000 | 00437nam a2200181Ia 4500 | ||
|---|---|---|---|
| 005 | 20240823042013.0 | ||
| 008 | 240823s9999||||xx |||||||||||||| ||und|| | ||
| 041 | _aENGLISH | ||
| 082 | _A331.714 M6 | ||
| 100 | _aVarsheny R L | ||
| 245 | 0 | _aManagerial Economics | |
| 250 | _a9th | ||
| 260 |
_c1986 _bSULTAN CHAND & |
||
| 500 | _aTRANSFERED | ||
| 650 |
_aEconomics _bManagement Studies |
||
| 700 | _a Maheshwari K L | ||
| 942 | _cBK | ||
| 999 |
_c206845 _d206845 |
||